Kĩ thuật mạ điện

Сохранить в:
Библиографические подробности
Главный автор: Nguyễn Văn Lộc
Формат:
Язык:Undetermined
Опубликовано: Hà Nội Giáo Dục 1994
Предметы:
Метки: Добавить метку
Нет меток, Требуется 1-ая метка записи!
Thư viện lưu trữ: Trung tâm Học liệu Trường Đại học Cần Thơ
LEADER 00501nam a2200181Ia 4500
001 CTU_11742
008 210402s9999 xx 000 0 und d
082 |a 671.732 
082 |b L451/1994 
100 |a Nguyễn Văn Lộc 
245 0 |a Kĩ thuật mạ điện 
245 0 |c Nguyễn Văn Lộc 
260 |a Hà Nội 
260 |b Giáo Dục 
260 |c 1994 
650 |a electroplating 
904 |i Minh, 961102 
980 |a Trung tâm Học liệu Trường Đại học Cần Thơ